000
00419nam a2200145Ia 4500
008
100122s9999 xx 000 0 und d
082
_b
7303
_a
824
100
_a
अदवंत म ना
245
_a
मनाचे संकल्प
260
_b
द ना मोघे
_c
1950
300
_a
133
630
_a
मनाचे संकल्प
730
_a
मनाचे संकल्प
942
_c
BOOK
999
_c
400013
_d
400010